000
00273nam a2200121Ia 4500
008
240624s9999 xx 000 0 und d
041
_a
eng
082
_a
920 KHA
100
_a
KHAN SAHANA
245
_a
USTAD ALAUDDIN KHAN
260
_a
New Delhi
_b
Roli Books
365
_c
RS
999
_c
21076
_d
21076